000 00545nam a2200193Ia 4500
005 20250508151533.0
008 008 250505s9999 xx 000 0 eng d
037 _aTextual
040 _aFEDL
_beng
_cFEDL
041 _aeng
_2eng
084 _a155.45, CHI
_qFEDL
245 0 _aAdolescent exceptional child : A realistic approach to treatment and training
245 0 _cChild Research Clinic
260 _c1954
300 _a77p.
650 _aChild Psychology
942 _cTEXL
_h155.45, CHI
999 _c1330460
_d1330460